| 000 | 00820pam a2200265 a 4500 | ||
|---|---|---|---|
| 999 |
_c3041 _d3041 |
||
| 001 | 2369577 | ||
| 003 | GBCCL | ||
| 005 | 20241126110445.0 | ||
| 008 | 841016s1985 nyu 000 0 eng | ||
| 010 | _a 84024241 | ||
| 020 |
_a0345321812 : _c$8.95 |
||
| 040 |
_aDLC _cDLC _dDLC |
||
| 050 | 0 | 0 |
_aBV4501.2 _b.W564 1985 |
| 082 | 0 | 0 |
_a248.4876 _219 _bWIM |
| 100 | 1 |
_aWimmer, John R., _d1956- _96313 |
|
| 245 | 1 | 0 |
_aNo pain, no gain : _bhope for those who struggle / _cJohn R. Wimmer. |
| 250 | _a1st ed. | ||
| 260 |
_aNew York : _bBallantine Books, _c1985. |
||
| 300 |
_axvi, 77 p. ; _c22 cm. |
||
| 650 | 0 |
_aChristian life _xMethodist authors. _96312 |
|
| 650 | 0 |
_aSuffering _xReligious aspects _xChristianity. _9472 |
|
| 650 | 0 |
_aTheodicy. _94055 |
|
| 906 |
_a7 _bcbc _corignew _d1 _eocip _f19 _gy-gencatlg |
||
| 942 |
_2ddc _cBK _02 |
||